000 00400nam a22001577a 4500
003 MPLRDC
005 20220104142346.0
008 210129b ||||| |||| 00| 0 eng d
082 _a857.63 CKL v.189 c.2
100 _a岑凯伦
245 _a也是重逢
_c
260 _a
_b环球图书杂志出版社
_c1991
300 _b
650 _a短篇小说--别集
942 _cBK
_o857.63 CKL v.189 c.2
999 _c30186
_d30176